000 00367nam a22001577a 4500
003 MPLRDC
005 20220104123801.0
008 210129b ||||| |||| 00| 0 eng d
082 _a415.85 YQX
100 _a袁谦祥编
245 _a糖尿病须知
_c
260 _a
_b香港世界出版社
_c
300 _b
650 _a糖尿病
942 _cBK
_o415.85 YQX
999 _c14167
_d14157